Unidad Río Nilo INFONAVIT : 1993 : detalles de cruceros /
Unidad habitacional de interés social proyectada por el arquitecto Julio de la Peña y su hijo José Antonio de la Peña Rivero para el municipio de Tonalá, Jalisco. En esta lámina se especifican los detalles de diseño de los cruceros en las calles de la unidad.
Guardado en:
| Hovedforfatter: | |
|---|---|
| Andre forfattere: | |
| Format: | Imagen |
| Fag: | |
| Tags: |
Ingen Tags, Vær først til at tagge denne postø!
|
MARC
| LEADER | 00000nkm^a2200000^a^4500 | ||
|---|---|---|---|
| 001 | 000193447 | ||
| 005 | 20250521000000.0 | ||
| 009 | 20260310102643.625 | ||
| 037 | |a Acervo ITESO - Biblioteca | ||
| 041 | |a GRA | ||
| 082 | |a 720. 97206 |b PEÑ VIV URN V. 19 | ||
| 100 | |a Peña, Julio de la |e (autor) | ||
| 240 | 1 | 1 | |a [Vivienda de Julio de la Peña] |
| 240 | 1 | 1 | |a [Unidad Río Nilo INFONAVIT: plantas] |
| 240 | 1 | 1 | |a [Unidad Río Nilo INFONAVIT] |
| 245 | 1 | 0 | |a Unidad Río Nilo INFONAVIT : |b 1993 : detalles de cruceros / |c J. de la Peña, J.A. de la Peña Rivero. |
| 255 | |a Sin escala | ||
| 264 | 0 | |a Guadalajara, México : |b dibujo inédito, |c 1993 | |
| 300 | |a 1 lámina en papel albanene | ||
| 300 | |a 7 dibujos arquitectónicos : |b dibujo a tinta negra y roja ; |c 62.0 x 91.5 cm. | ||
| 336 | |a imagen fija bidimensional : |b sti |2 rdacontenido | ||
| 337 | |a sin mediación |b n |2 rdamedio | ||
| 338 | |a plano arquitectónico |b nz |2 rdasoporte | ||
| 520 | |a Unidad habitacional de interés social proyectada por el arquitecto Julio de la Peña y su hijo José Antonio de la Peña Rivero para el municipio de Tonalá, Jalisco. En esta lámina se especifican los detalles de diseño de los cruceros en las calles de la unidad. | ||
| 562 | |a Libro o recurso maltratado | ||
| 649 | |a XX | ||
| 650 | |a Arquitectos Jaliscienses | ||
| 650 | |a Arquitectos Mexicanos | ||
| 650 | |a Artistas Jaliscienses | ||
| 650 | |a Artistas Mexicanos | ||
| 650 | |a Calles - |x Tema Principal | ||
| 650 | |a Departamentos - |z Tonalá, Jalisco - |x Tema Principal | ||
| 650 | |a Departamentos - |z México | ||
| 650 | |a Unidades Habitacionales - |z Tonalá, Jalisco - |x Tema Principal | ||
| 650 | |a Unidades Habitacionales - |z México | ||
| 650 | |a Vivienda de Interés Social - |z Tonalá, Jalisco - |x Tema Principal | ||
| 650 | |a Vivienda de Interés Social - |z México | ||
| 650 | |a Vivienda - |z Tonalá, Jalisco - |x Tema Principal | ||
| 650 | |a Vivienda - |z México | ||
| 650 | |a Desarrollo Urbano - |z Tonalá, Jalisco | ||
| 650 | |a Desarrollo Urbano - |z México | ||
| 650 | |a Planos Arquitectónicos - |x Tema Principal | ||
| 650 | |a Planos Arquitectónicos - |x Plantas | ||
| 650 | |a Dibujo Arquitectónico | ||
| 650 | |a Dibujo Técnico | ||
| 650 | |a Representación Arquitectónica | ||
| 650 | |a Diseño Arquitectónico | ||
| 650 | |a Arquitectura Moderna - |z Tonalá, Jalisco - |x Tema Principal | ||
| 650 | |a Arquitectura Moderna - |z México | ||
| 650 | |a Arquitectura Jalisciense - |y 1990-1999 | ||
| 650 | |a Arquitectura Jalisciense - |y Siglo XX | ||
| 650 | |a Arquitectura Mexicana - |y 1990-1999 | ||
| 650 | |a Arquitectura Mexicana - |y Siglo XX | ||
| 650 | |a Arte Moderno - |z Tonalá, Jalisco | ||
| 650 | |a Arte Moderno - |z México | ||
| 650 | |a Arte Jalisciense - |y 1990-1999 | ||
| 650 | |a Arte Jalisciense - |y Siglo XX | ||
| 650 | |a Arte Mexicano - |y 1990-1999 | ||
| 650 | |a Arte Mexicano - |y Siglo XX | ||
| 600 | |a Peña, Julio de la | ||
| 700 | |a Peña Rivero, José Antonio de la |e (arquitecto) | ||
| 910 | |a Fondo Julio de la Peña Lomelín | ||
| 920 | |a Gráficos - Planos Arquitectónicos | ||
| 940 | |a Arquitectos Jaliscienses | ||
| 905 | |a 501 | ||
| 901 | |a 0500140293 |b IT2 |c ARQ |u 20250521 | ||
| 902 | |a https://opac.biblio.iteso.mx/vufind/Record/000193447 | ||